Health, dignity, and development : (Record no. 13986)
[ view plain ]
| 000 -LEADER | |
|---|---|
| fixed length control field | 01342cam a22003854a 4500 |
| 001 - CONTROL NUMBER | |
| control field | 14446408 |
| 005 - DATE AND TIME OF LATEST TRANSACTION | |
| control field | 20170105102844.0 |
| 008 - FIXED-LENGTH DATA ELEMENTS--GENERAL INFORMATION | |
| fixed length control field | 060711s2005 enkab b 000 0 eng c |
| 010 ## - LIBRARY OF CONGRESS CONTROL NUMBER | |
| LC control number | 2006530772 |
| 016 7# - NATIONAL BIBLIOGRAPHIC AGENCY CONTROL NUMBER | |
| Record control number | 101261025 |
| Source | DNLM |
| 020 ## - INTERNATIONAL STANDARD BOOK NUMBER | |
| International Standard Book Number | 1844072193 (alk. paper) |
| 035 ## - SYSTEM CONTROL NUMBER | |
| System control number | (OCoLC)ocm68979634 |
| 040 ## - CATALOGING SOURCE | |
| Original cataloging agency | NLM |
| Transcribing agency | NLM |
| Modifying agency | DLC |
| 042 ## - AUTHENTICATION CODE | |
| Authentication code | pcc |
| 043 ## - GEOGRAPHIC AREA CODE | |
| Geographic area code | d------ |
| 050 00 - LIBRARY OF CONGRESS CALL NUMBER | |
| Classification number | TD327 |
| Item number | .L46 2005 |
| 060 00 - NATIONAL LIBRARY OF MEDICINE CALL NUMBER | |
| Classification number | 2006 A-230 |
| 060 10 - NATIONAL LIBRARY OF MEDICINE CALL NUMBER | |
| Classification number | WA 675 |
| Item number | L574h 2005 |
| 082 00 - DEWEY DECIMAL CLASSIFICATION NUMBER | |
| Classification number | 363.61 |
| Edition number | 22 |
| 100 1# - MAIN ENTRY--PERSONAL NAME | |
| Personal name | Lenton, R. L. |
| 245 10 - TITLE STATEMENT | |
| Title | Health, dignity, and development : |
| Remainder of title | what will it take? / |
| Statement of responsibility, etc. | lead authors, Roberto Lenton, Albert M. Wright, Kristen Lewis ; UN Millennium Project, Task Force on Water and Sanitation. |
| 260 ## - PUBLICATION, DISTRIBUTION, ETC. | |
| Place of publication, distribution, etc. | London ; |
| -- | Sterling, VA : |
| Name of publisher, distributor, etc. | Earthscan, |
| Date of publication, distribution, etc. | 2005. |
| 300 ## - PHYSICAL DESCRIPTION | |
| Extent | xix, 206 : |
| Other physical details | ill., maps ; |
| Dimensions | 26 cm. |
| 504 ## - BIBLIOGRAPHY, ETC. NOTE | |
| Bibliography, etc. note | Includes bibliographical references (p. [200]-206). |
| 650 #0 - SUBJECT ADDED ENTRY--TOPICAL TERM | |
| Topical term or geographic name entry element | Sanitation |
| Geographic subdivision | Developing countries. |
| 650 12 - SUBJECT ADDED ENTRY--TOPICAL TERM | |
| Topical term or geographic name entry element | Water Supply. |
| 650 22 - SUBJECT ADDED ENTRY--TOPICAL TERM | |
| Topical term or geographic name entry element | Developing Countries. |
| 650 22 - SUBJECT ADDED ENTRY--TOPICAL TERM | |
| Topical term or geographic name entry element | Sanitation. |
| 700 1# - ADDED ENTRY--PERSONAL NAME | |
| Personal name | Wright, Albert Morgan. |
| 700 1# - ADDED ENTRY--PERSONAL NAME | |
| Personal name | Lewis, Kristen. |
| 710 2# - ADDED ENTRY--CORPORATE NAME | |
| Corporate name or jurisdiction name as entry element | UN Millennium Project. |
| Subordinate unit | Task Force on Water and Sanitation. |
| 906 ## - LOCAL DATA ELEMENT F, LDF (RLIN) | |
| a | 7 |
| b | cbc |
| c | pccadap |
| d | 2 |
| e | ncip |
| f | 20 |
| g | y-gencatlg |
| 942 ## - ADDED ENTRY ELEMENTS (KOHA) | |
| Source of classification or shelving scheme | |
| Koha item type | Book |
| Withdrawn status | Lost status | Damaged status | Not for loan | Collection code | Permanent Location | Current Location | Shelving location | Date acquired | Total Checkouts | Full call number | Barcode | Date last seen | Price effective from | Koha item type |
|---|---|---|---|---|---|---|---|---|---|---|---|---|---|---|
| Centre for International Peace & Stability (CIPS) | Centre for International Peace & Stability (CIPS) | General Stacks | 08/05/2013 | 363.61 ROB 2005 | CIPS0000086 | 08/05/2013 | 08/05/2013 | Book |
